Spotify Monthly Listeners - Statistics

General Stats
  • This quiz has been taken 307 times
    285 since last reset
  • The average score is 27 of 42
Answer Stats
Hint Answer % Correct
November 2022 Taylor Swift
90%
November 2023 - December 2023 Taylor Swift
90%
September 2015 - October 2015 The Weeknd
79%
December 2016 - January 2017 The Weeknd
79%
April 2017 - June 2017 The Weeknd
79%
August 2017 The Weeknd
79%
January 2018 - April 2018 The Weeknd
79%
July 2018 - October 2018 The Weeknd
79%
February 2019 The Weeknd
79%
June 2019 The Weeknd
79%
August 2019 - September 2019 The Weeknd
79%
November 2019 - December 2019 The Weeknd
79%
April 2020 - October 2020 The Weeknd
79%
February 2021 - March 2021 The Weeknd
79%
January 2022 - February 2022 The Weeknd
79%
December 2022 - October 2023 The Weeknd
79%
January 2024 - July 2024 The Weeknd
79%
September 2024 -October 2024 The Weeknd
79%
July 2025 - November 2025 The Weeknd
79%
May 2016 - November 2016 Drake
78%
May 2018 Drake
78%
November 2015 - March 2016 Justin Bieber
67%
February 2020 - March 2020 Justin Bieber
67%
January 2021 Justin Bieber
67%
April 2021 - December 2021 Justin Bieber
67%
November 2024 - June 2025 Bruno Mars
60%
January 2026 - March 2026 Bruno Mars
60%
February 2017- March 2017 Ed Sheeran
53%
September 2017 - December 2017 Ed Sheeran
53%
July 2019 Ed Sheeran
53%
October 2019 Ed Sheeran
53%
January 2020 Ed Sheeran
53%
February 2022 - October 2022 Ed Sheeran
53%
November 2018 - January 2019 Ariana Grande
49%
March 2019 Ariana Grande
49%
November 2020 - December 2020 Ariana Grande
49%
December 2025 Ariana Grande
49%
April 2016 Rihanna
42%
August 2024 Billie Eilish
37%
July 2017 Daddy Yankee
7%
June 2018 J Balvin
6%
April 2019 - May 2019 Khalid
4%
No matching quizzes found
Score Distribution
Percent of People with Each Score
Percentile by Number Answered
Your Score History
You have not taken this quiz since the last reset